Ricostruisci la Carriera del Calciatore - Diego Simeone - Statistics

Statistiche generali
  • Questo quiz è stato fatto 46 volte
  • Il punteggio medio è 3 su 8
Statistiche sulle risposte
Hint Risposta % Corretto
1999-2003 Lazio
59%
1987-1990 Vélez Sarsfield
53%
1997-1999 Inter
41%
2003-2005 Atlético Madrid
35%
2005-2006 Racing Club
29%
1992-1994 Siviglia
29%
1990-1992 Pisa
24%
1994-1997 Atlético Madrid
18%
Nessun quiz corrispondente trovato
Distribuzione punteggi
Percentuale di utenti per punteggio
Percentile per numero di risposta
I tuoi punteggi nel tempo
Non hai fatto questo quiz